[Event "WYb10"]
[Site "Heraklio GRE"]
[Date "2004.11.07"]
[Round "5"]
[White "Hou,Y"]
[Black "Srinath,N"]
[Result "1-0"]
[WhiteElo "2153"]
[BlackElo "2042"]

1.e4 c5 2.Nf3 e6 3.d4 cxd4 4.Nxd4 Nf6 5.Nc3 d6 6.Be2 a6 7.O-O Be7 8.f4 O-O
9.Kh1 Nc6 10.Be3 Qc7 11.a4 Re8 12.Bd3 Nxd4 13.Bxd4 e5 14.Bg1 exf4 15.Rxf4 Be6
16.Nd5 Bxd5 17.exd5 h6 18.Qf3 Qa5 19.Rf1 Bd8 20.Bd4 Re1 21.Qg3 Rxf1+ 22.Rxf1 Ne8
23.c4 Qd2 24.Qf3 Nf6 25.h4 Qb4 26.Qf5 Kf8 27.g4 Qd2 28.Qf3 Qa5 29.g5 hxg5
30.hxg5 Qd2 31.gxf6 Qh6+ 32.Kg1 gxf6 33.Qg3 Be7 34.Be3 Qh8 35.Rf2 Qh5 36.Be2 Qh7
37.Rh2 Qb1+ 38.Bf1 Ke8 39.Rh8+ Bf8 40.Bh6 Kd7 41.Bxf8 Re8 42.Qxd6+ Kc8 43.Rg8 Qe1
44.Qc5+ Kd7 45.Qf2 Qe5 46.Bh3+ Kc7 47.Qc5+  1-0

[Event "WYb10"]
[Site "Heraklio GRE"]
[Date "2004.11.10"]
[Round "7"]
[White "Hou,Y"]
[Black "Moussard,J"]
[Result "0-1"]
[WhiteElo "2153"]
[BlackElo "2008"]

1.e4 c5 2.Nf3 d6 3.d4 cxd4 4.Nxd4 Nf6 5.Nc3 g6 6.Be3 Bg7 7.f3 O-O 8.Qd2 Nc6
9.g4 Bd7 10.O-O-O Rc8 11.Kb1 Ne5 12.h4 Qa5 13.h5 Nxf3 14.Nxf3 Rxc3 15.Qxc3 Qxc3
16.bxc3 Bxg4 17.Bg2 Nxe4 18.Rd3 Nxc3+ 19.Rxc3 Bxc3 20.hxg6 hxg6 21.Rh4 Bd7
22.Rc4 Ba5 23.Ng5 b5 24.Rh4 Bb6 25.Bd2 Bf2 26.Rh1 Bd4 27.Re1 e6 28.c3 Bg7
29.Ne4 Bc6 30.Kc2 Bxe4+ 31.Bxe4 Rc8 32.Rb1 d5 33.Bd3 a6 34.Kb3 f5 35.a4 bxa4+
36.Kxa4 Bxc3 37.Bxa6 Rc5 38.Rb8+ Kg7 39.Bg5 Rc7 40.Re8 Bf6 41.Bf4 Re7 42.Rxe7+ Bxe7
43.Kb3 Kf6 44.Kc2 g5 45.Bc1 f4 46.Kd1 e5 47.Ke2 g4 48.Bc8 Kg5 49.Bb7 d4 50.Be4 Kh4
51.Kf2 Kh3 52.Kg1 Bb4 53.Kh1 Be1 54.Ba3 f3 55.Bd6 Bg3 56.Kg1 Bf4 57.Bf5 Kg3
58.Be4 Be3+ 59.Kf1 Kf4 60.Bb7 g3 61.Bxe5+ Kxe5 62.Bxf3 d3 63.Ke1 Kd4 64.Bb7 Bf4
65.Kf1 Ke3 66.Kg2 d2 67.Bf3 Kd3 68.Bd1 Kc3 69.Kf3 Kb2 70.Ke2 Kc1 71.Ba4 Be5
72.Bb3 Bd4 73.Kf3 Bf2 74.Ke2 Be1 75.Kf1 d1=Q 76.Bxd1 Kxd1 77.Kg2 Ke2 78.Kh1 Kf3  0-1

[Event "Asian Women"]
[Site "Beirut LIB"]
[Date "2004.12.04"]
[Round "1"]
[White "Hou,Y"]
[Black "Zigangirova,S"]
[Result "1-0"]
[WhiteElo "2153"]
[BlackElo "2330"]

1.e4 c5 2.Nf3 e6 3.d4 cxd4 4.Nxd4 a6 5.Bd3 Nf6 6.O-O d6 7.c4 Be7 8.Nc3 O-O
9.Be3 Qc7 10.Rc1 b6 11.f3 Bb7 12.b3 Nbd7 13.Qe2 Rac8 14.Rfd1 Qb8 15.Bb1 Rfe8
16.Qf2 Bd8 17.Qg3 Nf8 18.Nde2 Bc7 19.Bd4 d5 20.Qh3 e5 21.Bf2 d4 22.Nd5 Nxd5
23.exd5 Rcd8 24.f4 f6 25.fxe5 fxe5 26.Ng3 Bc8 27.Qh5 Bd6 28.Rf1 Be7 29.Rce1 Bb4
30.Re2 Qd6 31.Bxd4 g6 32.Qf3 Bc5 33.Qf7+ Kh8 34.Bxc5 Qxc5+ 35.Kh1 Qe7 36.Ref2 Qxf7
37.Rxf7 Kg8 38.Ne4 Bf5 39.R7xf5 gxf5 40.Nf6+ Kg7 41.Nxe8+ Rxe8 42.Bxf5 Ng6
43.Bxg6 Kxg6 44.g3 b5 45.c5  1-0

[Event "Asian Women"]
[Site "Beirut LIB"]
[Date "2004.12.05"]
[Round "2"]
[White "Ovezova,Mai"]
[Black "Hou,Y"]
[Result "0-1"]
[WhiteElo "2170"]
[BlackElo "2153"]

1.d4 Nf6 2.e3 c5 3.c3 e6 4.Bd3 b6 5.Nf3 Bb7 6.Nbd2 Be7 7.O-O O-O 8.e4 d6
9.Qc2 cxd4 10.Nxd4 Nbd7 11.Qb1 Rc8 12.Re1 Re8 13.Bc2 Bf8 14.f3 g6 15.Nf1 e5
16.Nb3 d5 17.Ng3 Nc5 18.Kh1 dxe4 19.Nxc5 Bxc5 20.Nxe4 Bxe4 21.Bxe4 Nh5 22.Be3 Bxe3
23.Rxe3 Qd2 24.Rd3 Qf2 25.Rd1 f5 26.Qc2 Qh4 27.Bd5+ Kh8 28.c4 Rc7 29.b3 h6
30.Qb2 Kh7 31.Kg1 Nf6 32.Re1 Nxd5 33.cxd5 Qf4 34.d6 Rd7 35.Rad1 Re6 36.Rd5 Rdxd6
37.Rxd6 Rxd6 38.Qxe5 Qxe5 39.Rxe5 Rd7 40.Kf2 Kg7 41.Ke3 Kf7 42.g4 Kf6 43.Rb5 Re7+
44.Kf2 Rc7 45.gxf5 gxf5 46.Kg3 Rc2 47.a4 Rc3 48.a5 Rc5 49.Rxc5 bxc5 50.Kf4 a6
51.Ke3 Ke5 52.f4+ Kd6 53.Kd3 Kd5 54.h3 Kd6 55.Kc3 Kc7 56.Kd3 Kd7 57.Kc3 Kd6
58.Kd3 Kd5 59.Kc3 Ke4 60.Kc4 Kxf4 61.Kxc5 Kg3 62.b4 f4 63.b5 axb5 64.a6 f3
65.a7 f2 66.a8=Q f1=Q 67.Qg8+ Kxh3 68.Qe6+ Kg3 69.Qxh6 Qc4+ 70.Kb6 b4 71.Qe3+ Kg4
72.Qg1+ Kf5 73.Qf2+ Ke5 74.Qe1+ Kd5 75.Qh1+ Kd4 76.Qg1+ Kc3 77.Qc1+ Kb3 78.Qb1+ Ka3
79.Qa1+ Qa2 80.Qc1+ Qb2 81.Qc5 Qc3 82.Qe7 Qd4+ 83.Ka5 Qd5+ 84.Kb6 Qd2 85.Kb5 Qd3+
86.Ka5 Qf5+ 87.Kb6 Qd5 88.Qa7+ Kb3 89.Qh7 Qd4+ 90.Kb5 Qc4+ 91.Kb6 Kc3 92.Qh3+ Kb2
93.Qg2+ Qc2 94.Qg7+ Ka2 95.Qa7+ Kb1 96.Kb5 b3 97.Qg1+ Qc1 98.Qg6+ Ka2 99.Qa6+ Qa3
100.Qe6 Qa7 101.Qd5 Qb8+ 102.Ka5 Qc7+ 103.Kb4 Qc2 104.Ka4 Qc3 105.Qf7 Qd4+
106.Kb5 Kb2 107.Qg8 Kc2 108.Qg2+ Qd2 109.Qc6+ Qc3 110.Qg2+ Kb1 111.Qg1+ Qc1
112.Qg6+ Qc2 113.Qg1+ Kb2 114.Kb4 Qc3+ 115.Kb5 Kc2 116.Qf2+ Qd2 117.Qc5+ Kb2
118.Ka4 Qd7+ 119.Kb4 Qb7+ 120.Kc4 Qa6+ 121.Kd4 Qf6+ 122.Kd3 Qf3+ 123.Kd2 Qg2+
124.Ke1 Qc2 125.Qa7 Kb1 126.Qa5 b2 127.Qa3 Qc1+ 128.Ke2 Qc4+ 129.Kd1 Qd4+
130.Ke1 Kc2 131.Qa2 Qe3+ 132.Kf1 Qd3+ 133.Ke1 Kc1  0-1

[Event "Asian Women"]
[Site "Beirut LIB"]
[Date "2004.12.06"]
[Round "3"]
[White "Meenakshi,S"]
[Black "Hou,Y"]
[Result "1-0"]
[WhiteElo "2307"]
[BlackElo "2153"]

1.d4 Nf6 2.c4 e6 3.Nc3 Bb4 4.Qc2 O-O 5.a3 Bxc3+ 6.Qxc3 d6 7.Bg5 Nbd7 8.e3 b6
9.f3 Bb7 10.Bd3 c5 11.Ne2 Rc8 12.O-O h6 13.Bh4 cxd4 14.exd4 b5 15.b3 Ba6
16.Qb4 bxc4 17.Bxc4 Bxc4 18.bxc4 Qb6 19.Rfc1 Qa6 20.Bg3 e5 21.Qb5 Qb6 22.Bf2 e4
23.fxe4 Qxb5 24.cxb5 Nxe4 25.a4 Nb6 26.a5 Nc4 27.d5 Nxf2 28.Kxf2 Ne5 29.Rxc8 Rxc8
30.Nd4 Rc5 31.b6 axb6 32.a6 Nd3+ 33.Kf1 Rc8 34.a7 Ra8 35.Nb5 Nb4 36.Nc7 Nc2
37.Nxa8  1-0

[Event "Asian Women"]
[Site "Beirut LIB"]
[Date "2004.12.07"]
[Round "4"]
[White "Hou,Y"]
[Black "Vijayalakshmi,S"]
[Result "1-0"]
[WhiteElo "2153"]
[BlackElo "2411"]

1.e4 e5 2.Nf3 Nc6 3.Bb5 a6 4.Ba4 Nf6 5.O-O Be7 6.Re1 b5 7.Bb3 d6 8.a4 Rb8
9.c3 O-O 10.h3 Na5 11.Bc2 c5 12.d4 Nd7 13.Nbd2 cxd4 14.cxd4 Nc6 15.axb5 axb5
16.d5 Nb4 17.Bb1 Nc5 18.Nb3 Nba6 19.Be3 Qc7 20.Nxc5 dxc5 21.Bd3 Nb4 22.Bf1 Bd7
23.Qd2 Bd6 24.Rec1 Ra8 25.Kh1 Rxa1 26.Rxa1 f6 27.Qc3 Rc8 28.Nd2 Qb7 29.Nb3 Qc7
30.Ra5 f5 31.Bxb5 c4 32.Bxd7 Qxd7 33.Nc5 Bxc5 34.Rxc5 Rxc5 35.Bxc5 Nd3 36.Qxc4 Nxb2
37.Qb3 Na4 38.Qb8+ Kf7 39.Qf8+ Kg6 40.exf5+ Kh5 41.Be7 Qc7 42.Qf7+ Kh6 43.Bg5+  1-0

[Event "Asian Women"]
[Site "Beirut LIB"]
[Date "2004.12.07"]
[Round "5"]
[White "Hou,Y"]
[Black "Wang Yu1"]
[Result "0-1"]
[WhiteElo "2153"]
[BlackElo "2392"]

1.e4 e5 2.Nf3 Nc6 3.Bb5 a6 4.Ba4 Nf6 5.O-O Be7 6.d3 b5 7.Bb3 O-O 8.Re1 d6
9.a4 b4 10.a5 Be6 11.Nbd2 Qc8 12.Bc4 h6 13.b3 Re8 14.Bb2 Bf8 15.h3 g6 16.d4 exd4
17.Nxd4 Nxd4 18.Bxd4 Bxc4 19.Bxf6 Bb5 20.f4 Bc6 21.c4 Bb7 22.Bb2 c5 23.Qf3 Bg7
24.Bxg7 Kxg7 25.f5 gxf5 26.Qg3+ Kh7 27.Qxd6 fxe4 28.Rf1 f5 29.Qf6 Qe6 30.Qxf5+ Qxf5
31.Rxf5 e3 32.Rf7+ Kg8 33.Rxb7 exd2 34.Kf2 Re5 35.Rd1 Rf8+ 36.Kg3 Re3+ 37.Kh4 Rd8  0-1

[Event "Asian Women"]
[Site "Beirut LIB"]
[Date "2004.12.09"]
[Round "6"]
[White "Ju Wenjun"]
[Black "Hou,Y"]
[Result "1/2-1/2"]
[WhiteElo "2300"]
[BlackElo "2153"]

1.c4 c5 2.Nf3 Nc6 3.Nc3 g6 4.g3 Bg7 5.Bg2 e6 6.O-O d6 7.a3 Nge7 8.e4 O-O
9.d3 a6 10.Rb1 Rb8 11.Be3 b5 12.cxb5 axb5 13.Ne2 b4 14.d4 Ba6 15.Re1 bxa3
16.bxa3 Rxb1 17.Qxb1 Bxe2 18.Rxe2 cxd4 19.Bd2 Qa8 20.Qb3 Rb8 21.Bb4 Nxb4
22.axb4 Qb7 23.e5 dxe5 24.Nxd4 Qxb4 25.Qxb4 Rxb4 26.Nf3 f6 27.Rc2 Kf7 28.Rc7 e4
29.Nd2 f5 30.Nc4 Rb1+ 31.Bf1 Rd1 32.Kg2 Rd8 33.Nb6 Bd4 34.Nd7 Rc8 35.Rxc8 Nxc8
36.Nb8 Ne7 37.Bb5 g5 38.Nc6 Nxc6 39.Bxc6 g4 40.Bd7 Ke7 41.Bc8 Kd6 42.Kf1 h5
43.Kg2 Bb6 44.Kf1 Bd8 45.Kg2 h4 46.h3 hxg3 47.Kxg3 gxh3 48.Kxh3 Ke5 49.Kg2 Bb6
50.Bd7 Kf6 51.Kf1 f4 52.Bc6 Ke5 53.f3 exf3 54.Bxf3 Kd4 55.Ke2 e5 56.Bg2 e4
57.Bh1 Bd8 58.Bg2 Bh4 59.Bh1 Ke5 60.Bg2 Kf5 61.Bh1  1/2-1/2

[Event "Asian Women"]
[Site "Beirut LIB"]
[Date "2004.12.09"]
[Round "7"]
[White "Hou,Y"]
[Black "Karavade,E"]
[Result "0-1"]
[WhiteElo "2153"]
[BlackElo "2307"]

1.e4 c5 2.Nf3 d6 3.d4 cxd4 4.Nxd4 Nf6 5.Nc3 a6 6.Be2 e5 7.Nb3 Be7 8.Bg5 Be6
9.Bxf6 Bxf6 10.Qd3 O-O 11.O-O-O Be7 12.Nd5 Bxd5 13.Qxd5 Qc7 14.Kb1 Nd7 15.h4 b5
16.g4 Rfb8 17.Nd2 Nc5 18.Nf1 Ne6 19.Ne3 Bf8 20.Qd2 b4 21.Bc4 a5 22.Bd5 Ra6
23.Qe2 Rab6 24.Bb3 Qc6 25.g5 Qxe4 26.Bd5 Qg6 27.Qg4 h5 28.gxh6 Qxh6 29.h5 Re8
30.Rdg1 Qf4 31.h6 g6 32.Bxe6 Rxe6 33.Qxf4 exf4 34.Nd5 Rb8 35.Nxf4 Rf6 36.h7+ Kh8
37.Nd3 Re8 38.Rg5 Ra8 39.f4 Be7 40.Re1 Ra7 41.Rg3 Kxh7 42.Rge3 Bf8 43.Re4 Bh6
44.Rd4 Rf5 45.Rxd6 Bxf4 46.Rd8 Bg5 47.Rde8 Kg7 48.R8e2 Rd5 49.Rg2 Re7 50.Rh1 Re3
51.Rgh2 Rf3 52.Rh8 Rdf5 53.R8h7+ Kf6 54.b3 Rf1+ 55.Kb2 Bd2 56.a3 Bc3+ 57.Ka2 g5
58.Nb2 Rxh1 59.Rxh1 Rf2 60.Rc1 Bxb2 61.Kxb2 g4 62.axb4 axb4 63.Rd1 g3 64.Rd3 g2
65.Rg3 Kf5 66.Rg7 Ke4 67.Rg8 Kf3  0-1

[Event "Asian Women"]
[Site "Beirut LIB"]
[Date "2004.12.10"]
[Round "8"]
[White "Zhang Jilin"]
[Black "Hou,Y"]
[Result "1-0"]
[WhiteElo "2287"]
[BlackElo "2153"]

1.e4 e6 2.d4 d5 3.Nc3 Bb4 4.e5 c5 5.a3 Bxc3+ 6.bxc3 Qa5 7.Bd2 Qa4 8.Qb1 c4
9.Nf3 Nc6 10.Be2 f5 11.exf6 Nxf6 12.O-O O-O 13.Ra2 Ne4 14.Qe1 Bd7 15.Ng5 Nxd2
16.Qxd2 h6 17.Nh3 e5 18.dxe5 Bxh3 19.Qxd5+ Kh8 20.gxh3 Rad8 21.Qe4 Qa5 22.e6 Qg5+
23.Kh1 Rf4 24.Qe3 Rdf8 25.Rb2 b6 26.Rbb1 Qf6 27.Rbd1 Ne5 28.Rd5 Ng6 29.Rd4 Rf5
30.Rxc4 Re5 31.Re4 Qxe6 32.Bd3 Qc6 33.f3 Qxc3 34.Rg1 Rg5 35.Rxg5 hxg5 36.Qxg5 Qa1+
37.Kg2 Rf6 38.Re8+  1-0

[Event "Torch Real Estate Cup"]
[Site "Jinan CHN"]
[Date "2005.04.20"]
[Round "1"]
[White "Hou Yifan"]
[Black "Tian Tian"]
[Result "1/2-1/2"]
[WhiteElo "2158"]
[BlackElo "2303"]

1.e4 c6 2.d4 d5 3.exd5 cxd5 4.c3 Nf6 5.Bd3 Nc6 6.Bf4 Bg4 7.Qb3 Qd7 8.Nd2 e6
9.Ngf3 Bxf3 10.Nxf3 Bd6 11.Bxd6 Qxd6 12.O-O O-O 13.Rae1 a6 14.Ne5 Nd7 15.f4 b5
16.Re3 g6 17.a3 Ncxe5 18.fxe5 Qe7 19.Qd1 f5 20.exf6 Rxf6 21.Rxf6 Nxf6 22.Qe1 Re8
23.Qg3 Nh5 24.Qe5 Qf6 25.g3 Qxe5 26.Rxe5 Kf7 27.Be2 Nf6 28.Bf3 Rb8 29.Kf2 a5
30.Ke1 b4 31.axb4 axb4 32.Kd2 bxc3+ 33.Kxc3 Rc8+ 34.Kd3 Rb8 35.Kc3 Rc8+  1/2-1/2

[Event "Torch Real Estate Cup"]
[Site "Jinan CHN"]
[Date "2005.04.21"]
[Round "2"]
[White "Kuang Yinghui"]
[Black "Hou Yifan"]
[Result "1/2-1/2"]
[WhiteElo "2282"]
[BlackElo "2158"]

1.e4 c5 2.d3 Nc6 3.g3 g6 4.Bg2 Bg7 5.f4 d6 6.Nf3 e6 7.O-O Nge7 8.c3 O-O 9.Be3 Rb8
10.d4 cxd4 11.cxd4 b6 12.Nc3 Ba6 13.Re1 Rc8 14.Bf2 d5 15.e5 Na5 16.Nd2 Qd7
17.Qf3 f6 18.exf6 Bxf6 19.Qg4 Nf5 20.Rxe6 Bb7 21.Ree1 Qg7 22.Nf3 Nxd4 23.Nxd4 Bxd4
24.Bxd4 Qxd4+ 25.Kh1 Qg7 26.Nxd5 Rce8 27.b4 Nc4 28.Qh4 Kh8 29.Rac1 Nd6 30.Rxe8 Rxe8
31.Qf6 Qxf6 32.Nxf6 Bxg2+ 33.Kxg2 Re6 34.Ng4 Re2+ 35.Kf3 Rxa2 36.Rd1 Ra3+
37.Kg2 Ra2+ 38.Kf3 Ra3+ 39.Kg2  1/2-1/2

[Event "Torch Real Estate Cup"]
[Site "Jinan CHN"]
[Date "2005.04.22"]
[Round "3"]
[White "Hou Yifan"]
[Black "Xu Yuanyuan"]
[Result "1-0"]
[WhiteElo "2158"]
[BlackElo "2418"]

1.e4 c6 2.d4 d5 3.exd5 cxd5 4.Bd3 Nc6 5.c3 Nf6 6.Bg5 Bg4 7.Ne2 e6 8.Qc2 Bxe2
9.Qxe2 Bd6 10.Nd2 Qc7 11.Nf3 h6 12.Bh4 Nh5 13.Bg3 Nf4 14.Bxf4 Bxf4 15.O-O O-O
16.Rae1 Rab8 17.Kh1 Rfc8 18.Ne5 b5 19.Nxc6 Qxc6 20.Qg4 Qc7 21.g3 Bd6 22.f4 Re8
23.f5 e5 24.dxe5 Rxe5 25.Rxe5 Bxe5 26.f6 g6 27.Bxg6 fxg6 28.Qxg6+ Kh8 29.Rf5 Bxf6
30.Qxh6+ Qh7 31.Qxf6+  1-0

[Event "Torch Real Estate Cup"]
[Site "Jinan CHN"]
[Date "2005.04.23"]
[Round "4"]
[White "Nebolsina,V"]
[Black "Hou Yifan"]
[Result "0-1"]
[WhiteElo "2302"]
[BlackElo "2158"]

1.d4 Nf6 2.Nf3 c5 3.d5 e6 4.c4 exd5 5.cxd5 d6 6.Nc3 g6 7.e4 a6 8.a4 Bg4 9.Be2 Bxf3
10.Bxf3 Bg7 11.Bf4 Qe7 12.O-O Nbd7 13.Re1 O-O 14.a5 Ne8 15.Qd2 Rb8 16.Be2 Nc7
17.Bg5 Qe8 18.Bf1 b5 19.axb6 Rxb6 20.Na4 Rb4 21.Qc2 Nb6 22.Nc3 Qe5 23.Be3 Nc4
24.Bxc4 Rxc4 25.Qd2 Qe7 26.Bf4 Qd7 27.Qd3 Rb4 28.Qg3 Rd8 29.Re2 Nb5 30.Nxb5 Qxb5
31.Rae1 Rxb2 32.Rxb2 Qxb2 33.Bxd6 Qb4 34.Rd1 Qxe4 35.h3 Bd4 36.Qb3 Qf5 37.Rc1 Qxf2+
38.Kh2 Qe3 39.Qxe3 Bxe3 40.Bc7 Rxd5 41.Ra1 Rd7 42.Bb6 Rd6 43.Rxa6 Kg7 44.Ra3 Bf4+
45.g3 Bxg3+ 46.Kxg3 Rxb6  0-1

[Event "Torch Real Estate Cup"]
[Site "Jinan CHN"]
[Date "2005.04.24"]
[Round "5"]
[White "Hou Yifan"]
[Black "Sun Yinan"]
[Result "1-0"]
[WhiteElo "2158"]
[BlackElo "2171"]

1.e4 c5 2.Nf3 d6 3.d4 cxd4 4.Nxd4 Nf6 5.Nc3 g6 6.Be3 Bg7 7.f3 O-O 8.Qd2 Nc6
9.g4 Nxd4 10.Bxd4 Be6 11.O-O-O Qa5 12.Kb1 Rfc8 13.a3 Rab8 14.Be2 b5 15.Nd5 Qxd2
16.Rxd2 Bxd5 17.exd5 b4 18.g5 Nxd5 19.Bxg7 Nc3+ 20.Bxc3 bxc3 21.Rdd1 Rxb2+
22.Ka1 Rxc2 23.Rhe1 Rc5 24.Rc1 Rd2 25.Bf1 e6 26.Re3 d5 27.h4 d4 28.Rd3 e5
29.Rxd2 cxd2 30.Rb1 Rc3 31.Be2 Rxa3+ 32.Kb2 Re3 33.Bd1 Rc3 34.Ra1 Rc7 35.Bb3 Kg7
36.Rd1 f5 37.Rxd2 h6 38.f4 hxg5 39.hxg5 exf4 40.Rxd4 Re7 41.Rxf4 Re2+ 42.Kc3 Re3+
43.Kb4 a5+ 44.Ka4 Rg3 45.Rd4 Rxg5 46.Kxa5 f4+ 47.Kb4 Rf5 48.Bc2 Rf6 49.Kc3 Kh6
50.Kd2 Kg5 51.Ke2 Kh4 52.Rd1 f3+ 53.Kf2 Kg4 54.Be4 Rf4 55.Rg1+ Kh4 56.Bxf3 Rf6
57.Rg2 Rb6 58.Rg4+ Kh3 59.Rg1 Kh4 60.Ke3 Re6+ 61.Kf4 Rf6+ 62.Ke4 Re6+ 63.Kd5 Rf6
64.Be4 g5 65.Ke5 Rf2 66.Bf5 Rb2 67.Rg4+ Kh5 68.Rg3 Rb5+ 69.Kf6 Rb6+ 70.Be6 g4
71.Rg1  1-0

[Event "Torch Real Estate Cup"]
[Site "Jinan CHN"]
[Date "2005.04.25"]
[Round "6"]
[White "Yu Ting"]
[Black "Hou Yifan"]
[Result "0-1"]
[WhiteElo "2228"]
[BlackElo "2158"]

1.e4 c5 2.Nf3 d6 3.d4 cxd4 4.Nxd4 Nf6 5.Nc3 Nc6 6.Bc4 Qb6 7.Nb3 e6 8.a4 Be7
9.a5 Qc7 10.O-O O-O 11.f4 d5 12.Bd3 dxe4 13.Nxe4 Nb4 14.Nxf6+ Bxf6 15.Be4 Qc4
16.Qf3 Bd7 17.Bd2 Bxb2 18.Rab1 Bf6 19.Bxb4 Qxb4 20.Bxb7 Rab8 21.Be4 Ba4 22.Kh1 g6
23.Rfd1 Rfc8 24.a6 Rc3 25.Qe2 Rbc8 26.h3 Bb5 27.Qe1 Bxa6 28.Nd4 Qc5 29.Nf3 Re3
30.Qb4 Qxb4 31.Rxb4 Bc3 32.Bb7 Rb8 33.Re4 Rxe4 34.Bxe4 Rb4 35.Bd3 Bb7 36.Be2 Bd5
37.Rd3 Bb2 38.Ne5 Rxf4 39.Nf3 a5  0-1

[Event "Torch Real Estate Cup"]
[Site "Wuxi CHN"]
[Date "2005.05.08"]
[Round "7"]
[White "Hou Yifan"]
[Black "Xu Yuhua"]
[Result "1/2-1/2"]
[WhiteElo "2158"]
[BlackElo "2478"]

1.e4 c5 2.Nf3 d6 3.d4 cxd4 4.Nxd4 Nf6 5.Nc3 a6 6.Be2 e5 7.Nb3 Be7 8.Be3 Be6
9.Nd5 Nbd7 10.Qd3 Bxd5 11.exd5 O-O 12.O-O Rc8 13.c4 a5 14.Nd2 Nc5 15.Qf5 Nfd7
16.b3 g6 17.Qh3 Bg5 18.a3 f5 19.Rab1 Kh8 20.b4 axb4 21.axb4 Na4 22.Bd1 Ra8
23.Ra1 b5 24.cxb5 f4 25.Rxa4 Rxa4 26.Bxa4 fxe3 27.fxe3 Nf6 28.Qf3 Bh6 29.Qh3 Bg5
30.Qg3 Bh6 31.Qh3 Bg5 32.Qg3 Bh6 33.Qh3  1/2-1/2

[Event "Torch Real Estate Cup"]
[Site "Wuxi CHN"]
[Date "2005.05.11"]
[Round "10"]
[White "Peng Zhaoqin"]
[Black "Hou Yifan"]
[Result "0-1"]
[WhiteElo "2392"]
[BlackElo "2158"]

1.d4 Nf6 2.Nf3 c5 3.d5 e6 4.Nc3 d6 5.e4 Be7 6.Bb5+ Bd7 7.dxe6 fxe6 8.e5 dxe5
9.Nxe5 Bxb5 10.Qxd8+ Bxd8 11.Nxb5 O-O 12.a4 Na6 13.c3 Nd5 14.Ke2 Bf6 15.Nc4 Nb8
16.a5 Nc6 17.Be3 Be7 18.g3 Rad8 19.h4 a6 20.Nba3 Rf5 21.Nc2 h5 22.Rad1 Rdf8
23.Rhf1 Kh7 24.f4 Rd8 25.Bg1 Rff8 26.Bf2 Kg6 27.Kf3 e5 28.N2e3 Nxe3 29.Bxe3 Kf5
30.Rfe1 e4+ 31.Kg2 Rd3 32.Rxd3 exd3 33.Kf3 Rd8 34.Bd2 g6 35.Ne5 Nxa5 36.c4 Nb3
37.Bc3 Nd4+ 38.Bxd4 Rxd4 39.b3 Bf6 40.Nf7 Bg7 41.Rd1 b5 42.Rd2 Rd7 43.Ng5 Bc3
44.Rd1 d2 45.Ke3 b4 46.Nf3 Re7+ 47.Kf2 Re1  0-1

[Event "Torch Real Estate Cup"]
[Site "Wuxi CHN"]
[Date "2005.05.12"]
[Round "11"]
[White "Wang Pin"]
[Black "Hou Yifan"]
[Result "1/2-1/2"]
[WhiteElo "2393"]
[BlackElo "2158"]

1.e4 c5 2.Nf3 d6 3.d4 cxd4 4.Nxd4 Nf6 5.Nc3 Nc6 6.Bg5 e6 7.Qd2 a6 8.O-O-O Bd7
9.f4 b5 10.Bxf6 gxf6 11.Nxc6 Bxc6 12.Qe1 Ra7 13.Bd3 Qb6 14.Kb1 a5 15.Qh4 Be7
16.f5 b4 17.Ne2 e5 18.Bc4 Rc7 19.Bd5 Bxd5 20.Rxd5 a4 21.Qg3 Kd7 22.Qd3 Rb8
23.Rd1 Rc6 24.g4 h6 25.h3 Rc7 26.Rc1 Rc6 27.Rd1 Rc7 28.Rc1 Rc6  1/2-1/2

[Event "Torch Real Estate Cup"]
[Site "Wuxi CHN"]
[Date "2005.05.13"]
[Round "12"]
[White "Hou Yifan"]
[Black "Yang Ning"]
[Result "1-0"]
[WhiteElo "2158"]
[BlackElo "2164"]

1.e4 c6 2.d4 d5 3.Nd2 dxe4 4.Nxe4 Nd7 5.Nf3 Ngf6 6.Nxf6+ Nxf6 7.Bc4 e6 8.O-O Be7
9.Ne5 O-O 10.Bf4 c5 11.dxc5 Qxd1 12.Raxd1 Bxc5 13.a3 a6 14.b4 Be7 15.Bb3 a5
16.c3 axb4 17.axb4 Ra3 18.Rb1 Ne4 19.Nc4 Ra8 20.Rfc1 g5 21.Be3 Bf6 22.Bd4 Bxd4
23.cxd4 b5 24.Na5 Rd8 25.Nc6 Re8 26.Rb2 Bb7 27.Na5 Rac8 28.Rbc2 Rxc2 29.Bxc2 Nd6
30.Bd3 Rc8 31.Rc5 Bd5 32.Rxc8+ Nxc8 33.Bxb5 Nb6 34.f3 Kf8 35.Kf2 Ke7 36.Bd3 h6
37.Ke3 Ba8 38.Kd2 Bd5 39.b5 Kd6 40.Kc3 f5 41.Nb3 h5 42.Nc5 h4 43.h3 Nc8 44.Kb4 Nb6
45.Na4 Kc7 46.Nc3 Bb7 47.Ka5 Ba8 48.Na2 Bd5 49.Nb4 Kb7 50.Na6 Nc8 51.Nc5+ Ka7
52.Nd7 Kb7 53.Nf6 Ne7 54.Kb4 Kb6 55.Nd7+ Kc7 56.Ne5 Kb6 57.Nc4+ Kc7 58.Kc5 g4
59.b6+ Kd7 60.Ne5+ Kc8 61.hxg4 fxg4 62.Nxg4 Kb7 63.Ne5 Nc8 64.Nd7 Ne7 65.Nf6 h3
66.gxh3 Bxf3 67.Be4+ Bxe4 68.Nxe4  1-0

[Event "Torch Real Estate Cup"]
[Site "Xiapu CHN"]
[Date "2005.06.23"]
[Round "16"]
[White "Hou Yifan"]
[Black "Zhang Xiaowen"]
[Result "1-0"]
[WhiteElo "2158"]
[BlackElo "2191"]

1.e4 e6 2.d4 d5 3.Nc3 Bb4 4.e5 c5 5.a3 Bxc3+ 6.bxc3 Qa5 7.Bd2 Ne7 8.Qg4 Kf8
9.a4 Nbc6 10.Nf3 Qb6 11.dxc5 Qc7 12.Be2 Nxe5 13.Nxe5 Qxe5 14.O-O Bd7 15.Bb5 Nc6
16.Rae1 h5 17.Qf3 Qf6 18.Qg3 Qd8 19.Qd6+ Kg8 20.Bf4 a6 21.Bd3 Be8 22.Rb1 Qxd6
23.Bxd6 Nd8 24.a5 Bc6 25.f4 f6 26.Rfe1 Kf7 27.c4 h4 28.h3 Rc8 29.Rbd1 Rh5
30.Be2 Rh6 31.f5 d4 32.Rxd4 exf5 33.Bd3 Ne6 34.Bxf5 Nxd4 35.Bxc8 Rg6 36.Bg4 Nf3+
37.gxf3 f5 38.Re7+ Kg8 39.Re3 fxg4 40.hxg4 Rf6 41.f4 Bd7 42.f5 g6 43.Be5 Rc6
44.Rd3 Be8 45.Rd8 Kf7 46.Bd6  1-0

[Event "Torch Real Estate Cup"]
[Site "Xiapu CHN"]
[Date "2005.06.24"]
[Round "17"]
[White "Gu Xiaobing"]
[Black "Hou Yifan"]
[Result "1/2-1/2"]
[WhiteElo "2331"]
[BlackElo "2158"]

1.c4 c5 2.Nf3 Nc6 3.d4 cxd4 4.Nxd4 Nf6 5.Nc3 e6 6.e4 d6 7.Be3 Be7 8.Be2 O-O
9.O-O a6 10.Qd2 Bd7 11.f3 Rb8 12.a4 Kh8  1/2-1/2

[Event "Torch Real Estate Cup"]
[Site "Xiapu CHN"]
[Date "2005.06.25"]
[Round "18"]
[White "Hou Yifan"]
[Black "Wang Xinyue"]
[Result "1/2-1/2"]
[WhiteElo "2158"]
[BlackElo "1978"]

1.e4 e5 2.Nf3 Nc6 3.Bb5 a6 4.Ba4 Nf6 5.O-O Be7 6.Re1 b5 7.Bb3 d6 8.a4 b4
9.a5 O-O 10.d3 Be6 11.Nbd2 Na7 12.d4 Bxb3 13.Nxb3 Nd7 14.Qe2 Nb5 15.dxe5 dxe5
16.Be3 Bd6 17.Rad1 Qe7 18.Qc4 Kh8 19.Qc6 f6 20.Nfd2 Qe6 21.c4 bxc3 22.bxc3 Na3
23.Rc1 f5 24.exf5 Qxf5 25.Ne4 Nf6 26.Nbd2 Qd7 27.Qxd7 Nxd7 28.c4 Bb4 29.Red1 Nf6
30.Nxf6 gxf6 31.Ne4 f5 32.Bc5 Bxc5 33.Nxc5 Rfd8 34.Nd7 e4 35.Rc3 Rab8 36.Rxa3 Rxd7
37.Rf1 Rb4 38.f3 Rxc4 39.fxe4 fxe4 40.Rg3 Rd8 41.h3 Rcd4 42.Rf7 R4d7 43.Rf6 Rd1+
44.Kh2 R1d6 45.Rf7 R6d7 46.Rf6 Re7 47.Re3 Rd3 48.Re2 Rd6 49.Rf4 Rd4 50.Rf6 Rd6
51.Rf4 Rde6 52.Re3 c5 53.Kg3 Kg7 54.Rf5 c4 55.Rc5 Re5 56.Rxc4 Rxa5 57.Rcxe4 Rg5+
58.Kh2 Rxe4 59.Rxe4 Kf6 60.g4 Re5 61.Rc4 a5 62.Kg2 h6 63.Kf3 h5 64.Kf4 hxg4
65.hxg4 Rb5 66.Rc6+ Kg7 67.Ra6 Kf7 68.g5 Rb1 69.Ra7+ Kg6 70.Ra6+ Kf7 71.Rxa5 Rf1+
72.Kg3 Kg6  1/2-1/2

[Event "2nd CHN-FRA Match"]
[Site "Shenzheng CHN"]
[Date "2005.06.29"]
[Round "2"]
[White "Hou Yifan"]
[Black "Fontaine,R"]
[Result "1/2-1/2"]
[WhiteElo "2158"]
[BlackElo "2539"]

1.e4 e5 2.Nf3 Nc6 3.Bb5 Nf6 4.d3 Bc5 5.O-O Nd4 6.Nxd4 Bxd4 7.c3 Bb6 8.d4 O-O
9.Bg5 h6 10.Bh4 d6 11.dxe5 dxe5 12.Nd2 c6 13.Be2 Qe7 14.Nc4 Bc7 15.Qc2 Be6
16.Ne3 Bb6 17.Nf5 Bxf5 18.exf5 Rad8 19.Rae1 Rd7 20.Bc4 Rfd8 21.Re2 Bc7 22.h3 Qd6
23.Rfe1 e4 24.g3 b5 25.Bb3 Bb6 26.Kg2 e3 27.fxe3 Qe5 28.Bxf6 gxf6 29.Rf2 Rd3
30.Qe2 Rxe3 31.Qg4+ Kf8 32.Rfe2 Rdd3 33.Rxe3 Rxe3 34.Rxe3 Qxe3 35.Qf4 Qg1+
36.Kf3 Qf1+ 37.Kg4 Qe2+ 38.Kh4 Be3 39.Bd1 Qd2 40.Qf3 Bf2 41.Qg4 Qxb2 42.Qf4 Qxa2
43.Qxh6+ Ke7 44.Qf4 Bb6 45.Bf3 Qc4 46.Qxc4 bxc4 47.Be2 Ba5 48.Bxc4 Bxc3 49.Kg4 a5
50.h4 a4 51.Kf3 Kd6 52.h5 Bd2 53.Ke2 Bg5 54.Bxf7 Ke5 55.Kd3 Kxf5 56.Be8 a3
57.Kc2 c5 58.Kb3 Bc1 59.Bd7+ Ke4 60.Be6 Kd4 61.Kc2 Be3 62.Kb3 c4+ 63.Kxa3 Kd3
64.Kb4 c3 65.Kb3 Bd2 66.Bf5+ Kd4 67.g4 Ke5  1/2-1/2

[Event "2nd CHN-FRA Match"]
[Site "Shenzheng CHN"]
[Date "2005.06.30"]
[Round "3"]
[White "Le Roux,JP"]
[Black "Hou Yifan"]
[Result "1-0"]
[WhiteElo "2466"]
[BlackElo "2158"]

1.d4 Nf6 2.c4 e6 3.Nf3 c5 4.d5 exd5 5.cxd5 d6 6.e4 g6 7.h3 Bg7 8.Bd3 O-O
9.O-O Re8 10.Nc3 c4 11.Bc2 Na6 12.Bf4 Nc5 13.Re1 b5 14.Nxb5 Nfxe4 15.Bxe4 Nxe4
16.Qc2 Ba6 17.a4 f5 18.Qxc4 Bxb2 19.Rab1 Bg7 20.Nfd4 Qh4 21.Rxe4 Rxe4 22.Qc6 Rae8
23.Ne6 Bxb5 24.axb5 R8xe6 25.dxe6 Qxf4 26.Qe8+  1-0

[Event "2nd CHN-FRA Match"]
[Site "Shenzheng CHN"]
[Date "2005.07.01"]
[Round "4"]
[White "Hou Yifan"]
[Black "Benmesbah,N"]
[Result "1-0"]
[WhiteElo "2158"]
[BlackElo "2113"]

1.e4 c5 2.Nf3 d6 3.d4 cxd4 4.Nxd4 Nf6 5.Nc3 g6 6.Be3 Bg7 7.f3 O-O 8.Qd2 Nc6
9.g4 Nxd4 10.Bxd4 Be6 11.O-O-O Qa5 12.a3 Rfc8 13.h4 Rab8 14.Nd5 Qxd2+ 15.Rxd2 Bxd5
16.exd5 a6 17.Be2 Nd7 18.f4 Nc5 19.Rh3 b5 20.Bxg7 Kxg7 21.Rd4 Rc7 22.Kd2 Rbc8
23.Rc3 Na4 24.Rxc7 Rxc7 25.c4 Nc5 26.Kc2 Nd7 27.b4 bxc4 28.Rxc4 Ra7 29.Rc6 a5
30.b5 Nc5 31.Kc3 Rb7 32.Kd4 Kf6 33.Bc4 h5 34.gxh5 gxh5 35.Be2 Kf5 36.Ke3 Na4
37.Bd1 Nc5 38.Be2 a4 39.b6 Nd7 40.Rc7 Rxb6 41.Rxd7 Rb3+ 42.Kd4 Kxf4 43.Rxe7 Rxa3
44.Rxf7+ Kg3 45.Bxh5 Kxh4 46.Bd1 Ra1 47.Bc2  1-0

[Event "2nd CHN-FRA Match"]
[Site "Shenzheng CHN"]
[Date "2005.07.05"]
[Round "8"]
[White "Benmesbah,N"]
[Black "Hou Yifan"]
[Result "0-1"]
[WhiteElo "2113"]
[BlackElo "2158"]

1.e4 e6 2.d4 d5 3.Nc3 Bb4 4.exd5 exd5 5.Bd3 Ne7 6.Qf3 Nbc6 7.Ne2 Be6 8.Qg3 O-O
9.Bh6 Ng6 10.Bg5 Qd7 11.O-O-O Bd6 12.Qe3 Rae8 13.Qd2 Nb4 14.h4 Nxd3+ 15.Qxd3 Bf5
16.Qd2 f6 17.Be3 Ne7 18.Bf4 b5 19.f3 b4 20.Nb1 Qa4 21.g4 Bd7 22.Bxd6 cxd6
23.a3 bxa3 24.Nxa3 Rb8 25.Nc3 Qb4 26.Rde1 Qxb2+ 27.Kd1 Qxa3 28.Rxe7 Qa1+
29.Qc1 Qxc3 30.Rxd7 Qxf3+ 31.Kd2 Qf4+ 32.Kd3 Qe4+  0-1